| 000 | 00509nam a2200145Ia 4500 | ||
|---|---|---|---|
| 008 | 140724s9999 xx 000 0 und d | ||
| 050 |
_aTP 1 _b.P326 2011 |
||
| 100 | _aPaule, Hanz Marcel R. | ||
| 245 |
_aSouthville International School and Colleges online guidance mentoring system / _cPaule, Hanz Marcel R. |
||
| 260 |
_aLas PiƱas, Philippines : _bSouthville International School and Colleges, _cc2011. |
||
| 300 |
_a39 p. : _c28 cm. |
||
| 521 | _aInformation Technology | ||
| 942 | _cTH | ||
| 999 |
_c228824 _d228824 |
||